Open Data Biblioteca Nacional de Portugal


República Portuguesa: Ministério da Cultura
Biblioteca Nacional de Portugal

Catálogo da BNP: acesso por Identificadores Unívocos
Registos Bibliográficos associados ao registo de autoridade

Etiqueta de registo: 00230nam 2200025 450
001 1371949
003 http://id.bnportugal.gov.pt/bib/catbnp/1371949
100 ## $a20060602d2004 k y0pory0103 ba
101 0# $apor$deng
102 ## $aPT
105 ## $aa m 001yy
106 ## $ar
200 1# $aModelação geográfica de mecanismos de perequação compensatória$bTexto policopiado]$fVânia Neves Marques Carlos$gorient. João Luís Gustavo de Matos
210 #9 $aLisboa$c[s.n.],$d2004
215 ## $aX, 135, [30] p.$cil.$d30 cm
320 ## $aBibliografia, p. 129-134
328 #0 $bTese mestr.$cSistemas de Informação Geográfica$eInst. Superior Técnico, Univ. Técnica de Lisboa$d2004
675 ## $a528.8(043)$vBN$zpor$31229651
675 ## $a004.6(043)$vBN$zpor$31238716
675 ## $a711(043)$vBN$zpor$3299453
700 #1 $aCarlos,$bVânia Neves Marques$31245038
702 #1 $aMatos,$bJoão Luís de$4727$31009093
712 02 $aUniversidade Técnica de Lisboa.$bInstituto Superior Técnico$4295$3175770
801 #0 $aPT$bBN$gRPC
966 ## $lBN$mFGMON$sS.A. 113963 V.$x1

Etiqueta de registo: 00000nam 2200025 450
001 2081264
003 http://id.bnportugal.gov.pt/bib/catbnp/2081264
010 ## $a978-989-54759-9-5
021 ## $aPT$b481841/21
100 ## $a20211001d2021 m y0pory01030103ba
101 0# $apor
102 ## $aPT
105 ## $aa z 000yy
106 ## $ar
200 1# $aTomada de decisão em investigação-Ação$eaplicação ao contexto académico e empresarial$fVânia Carlos, António Pedro Costa
205 ## $a1ª ed
210 #9 $aOliveira de Azeméis$cLudomedia,$d2021
215 ## $a72 p.$cil$d23 cm
675 ## $a005.52$vBN$zpor$31556544
675 ## $a005.33$vBN$zpor$31226512
675 ## $a004.42webQDA(035)$vBN$zpor$31823501
700 #1 $aCarlos,$bVânia Neves Marques$31245038
701 #1 $aCosta,$bAntonio Pedro$4070$31714973
801 #0 $aPT$bBN$gRPC
856 41 $uhttp://rnod.bnportugal.gov.pt/ImagesBN/winlibimg.aspx?skey=&doc=2081264&img=156822&save=true
900 ## $aBIBNAC$d20211109
966 ## $lBN$mFGMON$sP. 58827 V.$x1
971 ## $ccsilva$d20211001
972 ## $d20211109$e0$vpenetra
973 ## $cmcarvalho$d20211021

Etiqueta de registo: 00000nam 2200025 450
001 1917393
003 http://id.bnportugal.gov.pt/bib/catbnp/1917393
100 ## $a20151207d2015 k y0pory01030103ba
101 0# $apor$deng
102 ## $aPT
105 ## $aa m 000yy
106 ## $ar
200 1# $aTecnologias de informação geográfica e promoção do pensamento espacial crítico$fVânia Neves Marques Carlos$gorient. António Augusto de Freitas Gonçalves Moreira, Norberto Nuno Pinto dos Santos
210 #9 $aAveiro$c[s.n.],$d2015
215 ## $aXIII, 375 p., [2] f. desdobr.$cil.$d30 cm
320 ## $aBibliografia, p. 353-372
328 #1 $aTese dout. Multimédia em Educação, Universidade de Aveiro, 2015
675 ## $a371.33(469.312)(043)$vBN$zpor$31394231
675 ## $a91(043)$vBN$zpor$31371746
675 ## $a373.34(469.312)(043)$vBN$zpor$31277608
675 ## $a004(469.312)(043)$vBN$zpor$31225984
700 #1 $aCarlos,$bVânia Neves Marques$31245038
702 #1 $aMoreira,$bAntónio,$f1957-$4727$3273350
702 #1 $aSantos,$bNorberto,$f1962-$4727$3944820
801 #0 $aPT$bBN$gRPC
966 ## $lBN$mFGMON$sS.C. 142162 V.$x1

Etiqueta de registo: 00000nam 2200025 450
001 2171564
003 http://id.bnportugal.gov.pt/bib/catbnp/2171564
100 ## $a20240703d2024 k y0pory01030103ba
101 0# $apor$deng
102 ## $aPT
105 ## $aa m 000yy
106 ## $ar
200 1# $a O potencial da internet das coisas na promoção de uma cidadania participativa$fManuel Joaquim de Sousa Santos$gorient. Vânia Carlos, António Moreira
210 #9 $aAveiro$c[s.n.],$d2024
215 ## $aXVII, 292 p.$cil.$d30 cm
328 #1 $aTese dout. Multimédia em Educação, Universidade de Aveiro, 2024
675 ## $a004.7(043)$vBN$zpor$3918097
675 ## $a37.03(043)$vBN$zpor$3472533
700 #1 $aSantos,$bManuel Joaquim de Sousa$31920411
702 #1 $aMoreira,$bAntónio,$f1957-$4727$3273350
702 #1 $aCarlos,$bVânia Neves Marques$4727$31245038
801 #0 $aPT$bBN$gRPC
966 ## $lBN$mFGMON$sP. 68126 V.$x1
971 ## $corlando$d20240703
972 ## $d20241119$e0$vlrevez$z0
973 ## $cigoulao$d20241108

Etiqueta de registo: 00254nam 2200025 450
001 2289587
003 http://id.bnportugal.gov.pt/bib/catbnp/2289587
100 ## $a20260703d2026 m y0pory01030103ba
101 0# $aeng$dpor
102 ## $aPT
105 ## $aa m 000yy
106 ## $ar
200 1# $aProcessamento digital de sinal avançado para mitigação de ruído de fase linear e não linear em sistemas cioerentes de fibra ótica$dAdvanced digital signal processing for linear and nonlinear phase noise mitigation in coherent optical fiber systems$fManuel dos Santos Neves$gorient. Fdernando Pedro Pereira Guiomar, Paulo Miguel Napomoceno Pereira Monteiro, Abel Lorences-Riesgo $zeng
210 #9 $aAveiro$c[s.n.],$d2026
215 ## $a303 p.$cil.$d30 cm
328 #1 $aTese doutoramento Informação e Comunicação em Plataformas Digitais, Universidade de Aveiro, 2026
510 1# $a An infocommunication model for social and emotional education of high school students$e a multicase study in Aveiro and Barcelona$zeng
700 #1 $aCabral,$bRaquel Magalhães $32002657
702 #1 $aMealha,$bÓscar,$f1964-$4727$3200512
702 #1 $aCarlos,$bVânia Neves Marques$4727$31245038
801 #0 $aPT$bBN$gRPC
971 ## $cjbeatriz$d20260703

Etiqueta de registo: 00254nam 2200025 450
001 2289582
003 http://id.bnportugal.gov.pt/bib/catbnp/2289582
100 ## $a20260703d2026 m y0pory01030103ba
101 0# $aeng$dpor
102 ## $aPT
105 ## $aa m 000yy
106 ## $ar
200 1# $aModelo infocomunicacional para a educação social e emocional de alunos do ensino secundário$eestudo multicaso em Aveiro e Barcelona$d An infocommunication model for social and emotional education of high school students$e a multicase study in Aveiro and Barcelona$fRaquel Magalhães Cabral$gorient. Óscar Emanuel Chaves Mealha, Vânia Neves Marques Carlos $zeng
210 #9 $aAveiro$c[s.n.],$d2026
215 ## $a303 p.$cil.$d30 cm
328 #1 $aTese doutoramento Informação e Comunicação em Plataformas Digitais, Universidade de Aveiro, 2026
510 1# $a An infocommunication model for social and emotional education of high school students$e a multicase study in Aveiro and Barcelona$zeng
700 #1 $aCabral,$bRaquel Magalhães $32002657
702 #1 $aMealha,$bÓscar,$f1964-$4727$3200512
702 #1 $aCarlos,$bVânia Neves Marques$4727$31245038
801 #0 $aPT$bBN$gRPC
966 ## $lBN$mFGMON$x1
971 ## $cjbeatriz$d20260703

OpendataBNP@bnportugal.pt | Mais informação sobre acesso aos dados BNP